Images That Rhyme with 'BLED' Quiz Stats

 Plays Quiz Updated Nov 8, 2017

Challenge
Share
Tweet
Score 0/18 Timer 02:00
4 Plays Today
% Correct
bread
99.6%
red
99.3%
bed
99.3%
wed
98.5%
Fred (Flintstone)
97.3%
thread
96.9%
shed
96.8%
shred
95.5%
spread
95.4%
% Correct
sled
94.8%
zed
93.3%
tread
90%
(Walking) Dead
89.5%
head (of lettuce)
83.7%
Ted (Danson)
82.8%
lead
78.5%
Jed (Clampett)
63.8%
(Judge) Dredd
51.6%

You're not logged in!

Compare scores with friends on all Sporcle quizzes.
Join for Free
OR
Log In

You Might Also Like...

Show Comments

Extras

Top Quizzes Today


Score Distribution

Your Account Isn't Verified!

In order to create a playlist on Sporcle, you need to verify the email address you used during registration. Go to your Sporcle Settings to finish the process.

Report this User

Report this user for behavior that violates our Community Guidelines.

Details: